Catálogo público

Manual del cultivo del añil y del nopal, o sea extracción del índigo : (Record no. 53205)

MARC details
000 -CABECERA
campo de control de longitud fija 01218cam a22003377a 4500
003 - IDENTIFICADOR DEL NÚMERO DE CONTROL
campo de control CHAP
005 - FECHA Y HORA DE LA ÚLTIMA TRANSACCIÓN
campo de control 20220329140521.0
008 - DATOS DE LONGITUD FIJA--INFORMACIÓN GENERAL
campo de control de longitud fija 971013s1884 r 00010 spa d
010 ## - NÚMERO DE CONTROL DE LA BIBLIOTECA DEL CONGRESO
Número de control de LC 53205
011 ## - ENLACE DEL NUMERO DE CONTROL DE LA BIBLIOTECA DEL CONGRESO [OBSOLETO]
Número de control de LC 54177
035 ## - NÚMERO DE CONTROL DEL SISTEMA
Número de control de sistema 58327
040 ## - FUENTE DE LA CATALOGACIÓN
Centro/agencia transcriptor CHAP
082 04 - NÚMERO DE LA CLASIFICACIÓN DECIMAL DEWEY
Número de clasificación 667.257
Número de documento/Ítem R6
100 00 - ENTRADA PRINCIPAL--NOMBRE DE PERSONA
Nombre de persona Rossignon, Julio.
9 (RLIN) 100223
245 10 - MENCIÓN DE TÍTULO
Título Manual del cultivo del añil y del nopal, o sea extracción del índigo :
Resto del título Educación y cosecha de la cochinilla. Extracción de los principios colorantes de varias plantas tintoreales
260 ## - PUBLICACIÓN, DISTRIBUCIÓN, ETC.
Lugar de publicación, distribución, etc. México, D. F. :
Nombre del editor, distribuidor, etc. Secretaría de Fomento,
Fecha de publicación, distribución, etc. 1884
300 ## - DESCRIPCIÓN FÍSICA
Extensión 232 p.
500 ## - NOTA GENERAL
Nota general c.2 y c.3 en fotocopia
590 ## - NOTA LOCAL (RLIN)
Nota local BATCH-UPD
Procedencia (VM) [OBSOLETO] 10
Condición del los carretes individuales (VM) [OBSOLETO] 20130110
-- UCH01
-- 0056
590 ## - NOTA LOCAL (RLIN)
Nota local BATCH-UPD
Procedencia (VM) [OBSOLETO] 10
Condición del los carretes individuales (VM) [OBSOLETO] 20130110
-- UCH01
-- 1116
590 ## - NOTA LOCAL (RLIN)
Nota local BATCH-UPD
Procedencia (VM) [OBSOLETO] 10
Condición del los carretes individuales (VM) [OBSOLETO] 20130410
-- UCH01
-- 0706
590 ## - NOTA LOCAL (RLIN)
Nota local CONVERSION
Procedencia (VM) [OBSOLETO] 10
Condición del los carretes individuales (VM) [OBSOLETO] 20130109
-- UCH01
-- 1329
650 14 - PUNTO DE ACCESO ADICIONAL DE MATERIA--TÉRMINO DE MATERIA
Término de materia o nombre geográfico como elemento de entrada Anil.
9 (RLIN) 6191
650 14 - PUNTO DE ACCESO ADICIONAL DE MATERIA--TÉRMINO DE MATERIA
Término de materia o nombre geográfico como elemento de entrada Cochinilla.
9 (RLIN) 24208
650 14 - PUNTO DE ACCESO ADICIONAL DE MATERIA--TÉRMINO DE MATERIA
Término de materia o nombre geográfico como elemento de entrada Nopal.
9 (RLIN) 81647
901 ## - ELEMENTOS DE DATOS A LOCAL LDA (RLIN)
a BK
942 ## - ELEMENTOS DE PUNTO DE ACCESO ADICIONAL (KOHA)
Tipo de ítem Koha Libro
949 ## - PROCESAMIENTO DE INFORMACIÓN LOCAL (OCLC)
a 667.257 R6
b BC
c BPP
d -126643
e BPP
h 25362
i 58327
s i
949 ## - PROCESAMIENTO DE INFORMACIÓN LOCAL (OCLC)
a 667.257 R6
b BC
c LIBRO
d 33724000611331
e LIBRO
f c.2
h 90847
i 58327
s i
949 ## - PROCESAMIENTO DE INFORMACIÓN LOCAL (OCLC)
a 667.257 R6
b BC
c LIBRO
d 33724002342314
e LIBRO
f c.3
h 91248
i 58327
s i
Holdings
Estado de retiro Estado de pérdida Fuente del sistema de clasificación o colocación Estado dañado Restricciones de uso No para préstamo Código de colección Localización permanente Ubicación/localización actual Fecha de adquisición Información codificada de la localización en otra ubicación Total de préstamos Signatura topográfica completa Código de barras Fecha visto por última vez Precio válido a partir de Tipo de ítem Koha Ubicación en estantería Número de copia
    Dewey Decimal Classification   Préstamo interno   Fondo Reservado Biblioteca Central Biblioteca Central 31/12/2019 LIBRO   667.257 R6 -126643 31/12/2019 31/12/2019 Libro    
    Dewey Decimal Classification   Préstamo 15 días   General Biblioteca Central Biblioteca Central 31/12/2019 LIBRO   667.257 R6 33724000611331 31/12/2019 31/12/2019 Libro Planta principal - Colección General c.2
    Dewey Decimal Classification   Préstamo 15 días   General Biblioteca Central Biblioteca Central 31/12/2019 LIBRO   667.257 R6 33724002342314 31/12/2019 31/12/2019 Libro Planta principal - Colección General c.3